01261nam a2200337 i 450000100060000000300080000600500170001400600190003100700150005000800410006502000280010603500220013404000310015605000230018708000120021008200160022210000510023824501460028926400480043530000410048333600290052433700330055333800390058650400290062558800830065465000250073765500270076270000400078970000310082985600630086068606FINmELB20241217142917.0m o u cr cn|||||||||220622s2023 sp ob 000 0 spa d a9788411037563q(e-book) a(OCoLC)1385417665 aFINmELBbspaerdacFINmELB14aHF5415.5bI99 2023 a658.81804a658.8122231 aIzquierdo Carrasco, Francisco Alfonso,eautor.10aTécnicas de recepción y comunicación :bADGG0208 /cFrancisco Alfonso Izquierdo Carrascos, Alicia Jiménez García, Laura Viera Lara. 1aAntequera, Málaga :bIC Editorial,c2023. a1 recurso en línea (343 páginas) atextobtxt2rdamedia/spa acomputadorabc2rdamedia/spa arecurso en línea2rdacarrier/spa aContiene bibliografía. aDescripción basada en metadatos suministrados por el editor y otras fuentes. 4aServicio al cliente. 4aLibros electrónicos.1 aJiménez García, Alicia,eautor.1 aViera Lara, Laura,eautor.40uhttps://elibro.net/ereader/politecnicointernacional/229612